MARC details
| 000 -LEADER |
| fixed length control field |
01883pam a2200493 i 4500 |
| 001 - CONTROL NUMBER |
| control field |
2024050740 |
| 003 - CONTROL NUMBER IDENTIFIER |
| control field |
DLC |
| 005 - DATE AND TIME OF LATEST TRANSACTION |
| control field |
20250409133019.0 |
| 008 - FIXED-LENGTH DATA ELEMENTS--GENERAL INFORMATION |
| fixed length control field |
241205t20252025nyu c 000 1 eng |
| 010 ## - LIBRARY OF CONGRESS CONTROL NUMBER |
| LC control number |
2024050740 |
| 020 ## - INTERNATIONAL STANDARD BOOK NUMBER |
| International Standard Book Number |
9780593972311 |
| Qualifying information |
(hardcover ; |
| -- |
alk. paper) |
| 020 ## - INTERNATIONAL STANDARD BOOK NUMBER |
| Cancelled/invalid ISBN |
9780593972328 |
| Qualifying information |
(ebook) |
| 035 ## - SYSTEM CONTROL NUMBER |
| System control number |
(OCoLC)1476524581 |
| 040 ## - CATALOGING SOURCE |
| Original cataloging agency |
DLC |
| Language of cataloging |
eng |
| Description conventions |
rda |
| Transcribing agency |
DLC |
| Modifying agency |
TnLvILS |
| 042 ## - AUTHENTICATION CODE |
| Authentication code |
pcc |
| -- |
cyac |
| 050 00 - LIBRARY OF CONGRESS CALL NUMBER |
| Classification number |
PZ7.1.C644934 |
| Item number |
Ho 2025 |
| 082 00 - DEWEY DECIMAL CLASSIFICATION NUMBER |
| Classification number |
[Fic] |
| Edition number |
23/eng/20250311 |
| 092 ## - LOCALLY ASSIGNED DEWEY CALL NUMBER (OCLC) |
| Classification number |
junior fiction |
| Item number |
Colón |
| 100 1# - MAIN ENTRY--PERSONAL NAME |
| Personal name |
Colón, Angel Luis, |
| Relator term |
author. |
| 9 (RLIN) |
6542731 |
| 245 10 - TITLE STATEMENT |
| Title |
House of horrors / |
| Statement of responsibility, etc |
Angel Luis Colón. |
| 246 3# - VARYING FORM OF TITLE |
| Title proper/short title |
Minecraft. |
| Name of part/section of a work |
House of horrors |
| 250 ## - EDITION STATEMENT |
| Edition statement |
First edition. |
| 264 #1 - Production, Publication, Distribution, Manufacture, and Copyright Notice. |
| Place of production, publication, distribution, manufacture |
New York : |
| Name of producer, publisher, distributor, manufacturer |
Random House Worlds, |
| Date of production, publication, distribution, manufacture, or copyr |
[2025] |
| 264 #4 - Production, Publication, Distribution, Manufacture, and Copyright Notice. |
| Date of production, publication, distribution, manufacture, or copyr |
�2025 |
| 300 ## - PHYSICAL DESCRIPTION |
| Extent |
229 pages ; |
| Dimensions |
22 cm |
| 336 ## - Content Type |
| Content type term |
text |
| 337 ## - Media type |
| Media type term |
unmediated |
| 338 ## - Carrier type |
| Carrier type term |
volume |
| 490 0# - SERIES STATEMENT |
| Series statement |
Minecraft |
| 520 ## - SUMMARY, ETC. |
| Summary, etc |
After discovering her brother is trapped in the haunted mansion, Glory's Haven, Amy and her cat, Tuna, brave zombies, mazes, monsters, and more to find him. |
| 521 1# - TARGET AUDIENCE NOTE |
| Target audience note |
Ages 10 and up. |
| Source |
Random House Worlds. |
| 521 2# - TARGET AUDIENCE NOTE |
| Target audience note |
Grades 4-6. |
| Source |
Random House Worlds. |
| 650 #1 - SUBJECT ADDED ENTRY--TOPICAL TERM |
| Topical term or geographic name as entry element |
Haunted houses |
| Form subdivision |
Juvenile fiction. |
| 9 (RLIN) |
5675332 |
| 650 #1 - SUBJECT ADDED ENTRY--TOPICAL TERM |
| Topical term or geographic name as entry element |
Siblings |
| Form subdivision |
Juvenile fiction. |
| 9 (RLIN) |
6400603 |
| 650 #1 - SUBJECT ADDED ENTRY--TOPICAL TERM |
| Topical term or geographic name as entry element |
Rescues |
| Form subdivision |
Juvenile fiction. |
| 9 (RLIN) |
5678368 |
| 650 #1 - SUBJECT ADDED ENTRY--TOPICAL TERM |
| Topical term or geographic name as entry element |
Adventure stories. |
| 650 #1 - SUBJECT ADDED ENTRY--TOPICAL TERM |
| Topical term or geographic name as entry element |
Haunted houses |
| Form subdivision |
Fiction. |
| 9 (RLIN) |
5673628 |
| 650 #1 - SUBJECT ADDED ENTRY--TOPICAL TERM |
| Topical term or geographic name as entry element |
Siblings |
| Form subdivision |
Fiction. |
| 9 (RLIN) |
5708994 |
| 650 #1 - SUBJECT ADDED ENTRY--TOPICAL TERM |
| Topical term or geographic name as entry element |
Rescues |
| Form subdivision |
Fiction. |
| 9 (RLIN) |
5673825 |
| 650 #1 - SUBJECT ADDED ENTRY--TOPICAL TERM |
| Topical term or geographic name as entry element |
Adventure and adventurers |
| Form subdivision |
Fiction. |
| 9 (RLIN) |
102533 |
| 655 #7 - INDEX TERM--GENRE/FORM |
| Genre/form data or focus term |
Action and adventure fiction. |
| Source of term |
lcgft |
| 776 08 - ADDITIONAL PHYSICAL FORM ENTRY |
| Display text |
Online version: |
| Main entry heading |
Col�on, Angel Luis. |
| Title |
House of horrors. |
| Edition |
First edition |
| Place, publisher, and date of publication |
New York : Random House Worlds, 2025 |
| International Standard Book Number |
9780593972328 |
| Record control number |
(DLC) 2024050741 |
| 942 ## - ADDED ENTRY ELEMENTS (KOHA) |
| Source of classification or shelving scheme |
Dewey Decimal Classification |
| Koha item type |
BOOK |